000 00455nam a2200181Ia 4500
008 230524s9999 xx 000 0 und d
020 _a8178089912
082 _a621.382
_bRAB
100 _aJan M.Rabaey
245 0 _aDigital Integrated Circuits
250 _a2ND
260 _aNEW DELHI
_bPearson
_c2004
300 _a784
500 _aQuantity Number: 17
650 _aElectronics
700 _a" Anantha Chandrakasam , B.Nikolic,,,"
942 _cBK
999 _c7812
_d7812